| 000 | 01329aam a2200301 i 4500 | ||
|---|---|---|---|
| 001 | 768714001 | ||
| 003 | CO-MdFUSB | ||
| 005 | 20240405093847.0 | ||
| 007 | ta | ||
| 008 | 240405t2010 ck |||| |||| 00| 0 spa d | ||
| 020 | _a9789588613161 | ||
| 040 | _cCO-MdFUSB | ||
| 041 | 0 | _aspa | |
| 082 | 0 | 4 |
_a980.04 _223 _bO622b |
| 100 | 1 |
_aOppenheimer, Andrés _eautor |
|
| 245 | 1 | 0 |
_a¡Basta de historias! : _bla obsesión latinoamericana con el pasado y las doce claves del futuro _c/ Andrés Oppenheimer |
| 264 | 1 |
_bRandom House Mondadori, _aColombia : _c[2010] |
|
| 264 | 4 | _c©2010 | |
| 300 |
_a422 páginas _b23 cm |
||
| 336 |
_2rdacontent _atexto _btxt |
||
| 337 |
_2rdamedia _asin mediación _bn |
||
| 338 |
_2rdacarrier _avolumen _bnc |
||
| 505 | _aPrólogo -- Finlandia: los campeones del mundo -- Singapur: el país más globalizado -- India ¿La nueva superpotencia mundial? -- Cuando China enseña capitalismo -- Israel: El país de las start-ups - Chile: rumbo al Primer Mundo -- Brasil: una causa de todos -- Argentina: el país de las causas perdidas -- Urugay y Perú : una computadora para cada niño -- México : el reino de la maestra -- Venezuela y Colombia: Caminos opuestos -- Las 12 claves del progreso | ||
| 563 | _aRústico | ||
| 650 | 7 |
_aCivilización _xHistoria _928 |
|
| 942 | _cBK | ||
| 945 | _aJTF-925 | ||
| 999 |
_c44667 _d44667 |
||